| 000 | 00984nam a2200241 i 4500 | ||
|---|---|---|---|
| 001 | 157762 | ||
| 003 | ES-MaACL | ||
| 005 | 20250930063135.0 | ||
| 008 | 040819s1777 gw a |||| | ger d | ||
| 040 |
_aCAM _bspa _cCAM |
||
| 100 | 0 |
_aLinné, Carl von, _d1707-1778 _972451 |
|
| 245 | 1 | 0 |
_aDes Ritters Carl von Linne' ... Natursystem des Mineralreichs _b: nach der zwolften lateinischen Ausgabe in einer freyen und vermehrten Uebersezung von Johann Friederich Gmelin ...; Erster Theil... |
| 260 |
_aNurnberg : _bvey Gabriel Nicolaus Raspe, _c1777. |
||
| 300 |
_a[4], 652 p., V h. pleg. de grab. ; _c8º. |
||
| 597 | _aSign.: )(2, A-2R8, 2S6. | ||
| 597 | _aLetra gótica. | ||
| 599 | _aLas h. pleg. de grab. calc. representando minerales. | ||
| 650 | 4 |
_aMinerales. _915052 |
|
| 700 | 1 | 1 |
_aRaspe, Gabriel Nicolaus. _9131617 |
| 700 | 1 | 1 |
_aGmelin, Johann Friederich. _9127344 |
| 852 |
_aES-MaACL _jR-817-20 _z-- Enc. piel _xOlim:G-2879-82 |
||
| 999 |
_c157762 _d157762 |
||